[Event "Team women final 2016"]
[Site "Sochi"]
[Date "2016.05.10"]
[Round "9.15"]
[White "Drozdova, Dina"]
[Black "Khazieva, Elza"]
[Result "1-0"]
[LiveChessVersion "1.4.4"]
[BlackElo "2147"]
[WhiteElo "2235"]
[BlackTeam "Ladya"]
[WhiteTeam "Boavishta"]

1. d4 {[%clk 1:30:55]} Nf6 {[%clk 1:30:54]} 2. c4 {[%clk 1:31:16]} e6
{[%clk 1:31:19]} 3. Nc3 {[%clk 1:31:40]} Bb4 {[%clk 1:31:36]} 4. e3
{[%clk 1:32:04]} b6 {[%clk 1:31:50]} 5. Nge2 {[%clk 1:32:09]} Ba6
{[%clk 1:31:55]} 6. a3 {[%clk 1:31:24]} Bxc3+ {[%clk 1:31:48]} 7. Nxc3
{[%clk 1:31:45]} d5 {[%clk 1:32:01]} 8. b3 {[%clk 1:15:27]} O-O {[%clk 1:32:06]}
9. Be2 {[%clk 1:13:58]} Nc6 {[%clk 1:31:50]} 10. O-O {[%clk 1:11:21]} Re8
{[%clk 1:30:35]} 11. Bb2 {[%clk 1:02:36]} e5 {[%clk 1:24:13]} 12. dxe5
{[%clk 0:56:32]} Nxe5 {[%clk 1:23:27]} 13. cxd5 {[%clk 0:51:21]} Bxe2
{[%clk 1:23:47]} 14. Nxe2 {[%clk 0:47:13]} Nxd5 {[%clk 1:19:52]} 15. e4
{[%clk 0:34:27]} Nf6 {[%clk 1:18:04]} 16. Ng3 {[%clk 0:34:33]} Qe7
{[%clk 1:04:58]} 17. Qc2 {[%clk 0:32:08]} Rad8 {[%clk 0:50:39]} 18. Rad1
{[%clk 0:20:44]} c5 {[%clk 0:37:06]} 19. f3 {[%clk 0:16:17]} Nc6 {[%clk 0:32:06]}
20. Nf5 {[%clk 0:15:42]} Qe6 {[%clk 0:29:49]} 21. Qc1 {[%clk 0:10:22]} h6
{[%clk 0:15:21]} 22. g4 {[%clk 0:10:33]} Nd4 {[%clk 0:07:39]} 23. Bxd4
{[%clk 0:09:03]} cxd4 {[%clk 0:08:07]} 24. Nxd4 {[%clk 0:09:18]} Qc8
{[%clk 0:05:55]} 25. Nc6 {[%clk 0:08:12]} Rd7 {[%clk 0:04:40]} 26. Rxd7
{[%clk 0:07:34]} Qxd7 {[%clk 0:04:59]} 27. Rd1 {[%clk 0:07:58]} Qc7
{[%clk 0:03:16]} 28. Nd4 {[%clk 0:07:53]} Qe5 {[%clk 0:02:55]} 29. Nf5
{[%clk 0:06:57]} Nh7 {[%clk 0:00:54]} 30. Rd3 {[%clk 0:01:42]} Qf6
{[%clk 0:00:53]} 31. Qc3 {[%clk 0:01:33]} Qxc3 {[%clk 0:00:37]} 32. Rxc3
{[%clk 0:01:58]} Ng5 {[%clk 0:00:53]} 33. Kf2 Rd8 34. Ne7+ {[%clk 0:01:47]} Kf8
{[%clk 0:00:37]} 35. Nd5 {[%clk 0:02:02]} Ne6 {[%clk 0:01:03]} 36. Ke3
{[%clk 0:02:00]} g6 {[%clk 0:00:51]} 37. b4 {[%clk 0:01:31]} Kg7 {[%clk 0:01:12]}
38. Rc6 {[%clk 0:01:27]} Rh8 {[%clk 0:01:11]} 39. h4 {[%clk 0:01:43]} Re8
{[%clk 0:00:36]} 40. Nc7 {[%clk 0:31:33]} Re7 {[%clk 0:30:39]} 41. Nxe6+
{[%clk 0:31:54]} fxe6 {[%clk 0:31:07]} 42. e5 {[%clk 0:31:40]} Kf7
{[%clk 0:30:45]} 43. f4 {[%clk 0:28:07]} Kg7 {[%clk 0:30:29]} 44. Ke4
{[%clk 0:25:56]} h5 {[%clk 0:28:03]} 45. gxh5 {[%clk 0:26:07]} gxh5
{[%clk 0:28:28]} 46. f5 {[%clk 0:26:32]} exf5+ {[%clk 0:28:47]} 47. Kxf5
{[%clk 0:26:58]} Rf7+ {[%clk 0:28:59]} 48. Kg5 {[%clk 0:27:11]} Rd7
{[%clk 0:27:52]} 49. Rg6+ {[%clk 0:27:00]} Kf8 {[%clk 0:28:03]} 50. Rd6
{[%clk 0:23:38]} 1-0

[Event "Team women final 2016"]
[Site "Sochi"]
[Date "2016.05.10"]
[Round "9.16"]
[White "Markelova, Lubov"]
[Black "Fatianova, Tatiana"]
[Result "1-0"]
[LiveChessVersion "1.4.4"]
[BlackElo "2225"]
[WhiteElo "2059"]
[BlackTeam "Boavishta"]
[WhiteTeam "Ladya"]

1. d4 {[%clk 1:30:55]} Nc6 {[%clk 1:30:38]} 2. d5 {[%clk 1:30:53]} Nb8
{[%clk 1:30:59]} 3. c4 {[%clk 1:30:49]} d6 {[%clk 1:31:24]} 4. e4
{[%clk 1:30:36]} Nf6 {[%clk 1:31:03]} 5. Nc3 {[%clk 1:30:57]} g6 {[%clk 1:31:20]}
6. h3 {[%clk 1:30:57]} c6 {[%clk 1:31:35]} 7. Nf3 {[%clk 1:29:26]} Bg7
{[%clk 1:31:35]} 8. Bd3 {[%clk 1:28:26]} O-O {[%clk 1:28:03]} 9. Bg5
{[%clk 1:26:08]} a6 {[%clk 1:17:31]} 10. O-O {[%clk 1:19:51]} Nbd7
{[%clk 1:09:45]} 11. Qd2 {[%clk 1:18:08]} Re8 {[%clk 1:07:49]} 12. Rfe1
{[%clk 0:56:11]} Qc7 {[%clk 0:42:37]} 13. Rac1 {[%clk 0:50:19]} cxd5
{[%clk 0:38:13]} 14. cxd5 {[%clk 0:47:26]} Qa5 {[%clk 0:32:28]} 15. Be3
{[%clk 0:39:24]} Nc5 {[%clk 0:24:46]} 16. Bb1 {[%clk 0:31:46]} Nfd7
{[%clk 0:17:46]} 17. Bd4 {[%clk 0:30:24]} Ne5 {[%clk 0:15:57]} 18. Nxe5
{[%clk 0:29:43]} dxe5 {[%clk 0:14:57]} 19. Be3 {[%clk 0:28:37]} Rd8
{[%clk 0:10:53]} 20. f3 {[%clk 0:19:25]} Ne6 {[%clk 0:07:17]} 21. Qf2
{[%clk 0:17:27]} Nd4 {[%clk 0:07:23]} 22. Ne2 {[%clk 0:15:56]} Qb4
{[%clk 0:06:56]} 23. Red1 {[%clk 0:13:58]} Qxb2 {[%clk 0:04:03]} 24. Nxd4
{[%clk 0:14:04]} Qxf2+ {[%clk 0:04:26]} 25. Kxf2 {[%clk 0:14:23]} exd4
{[%clk 0:04:52]} 26. Bxd4 {[%clk 0:14:45]} Bxd4+ {[%clk 0:02:45]} 27. Rxd4
{[%clk 0:15:10]} e6 {[%clk 0:02:42]} 28. Rc7 {[%clk 0:09:07]} exd5
{[%clk 0:02:43]} 29. exd5 {[%clk 0:08:40]} Rd6 {[%clk 0:01:45]} 30. Ke3
{[%clk 0:07:34]} Rb8 {[%clk 0:01:29]} 31. Kf4 {[%clk 0:06:08]} f6
{[%clk 0:01:09]} 32. Bc2 {[%clk 0:04:19]} Bd7 {[%clk 0:01:23]} 33. Bb3
{[%clk 0:04:04]} Kf7 {[%clk 0:01:36]} 34. Re4 {[%clk 0:03:46]} g5+
{[%clk 0:01:16]} 35. Ke3 {[%clk 0:03:43]} Kg6 {[%clk 0:00:37]} 36. Re7
{[%clk 0:03:51]} Re8 {[%clk 0:00:45]} 37. Rcxd7 {[%clk 0:03:21]} Rxe7+
{[%clk 0:00:33]} 38. Rxe7 {[%clk 0:03:48]} b5 {[%clk 0:00:37]} 39. Bc2+
{[%clk 0:03:46]} 1-0